000 00345nam a22001217a 4500
040 _cHS
082 _a380
100 _aជួង សុផល
245 _aPrincipes et fonctionnement des ecosystemes cultives en semis direct sur couverture vegetabl permanente
260 _aParis
_bជួង សុផល
_c2009
300 _a58p;
942 _cFB
999 _c10212
_d10212